| Tag |
First Indicator |
Second Indicator |
Subfields |
| LEADER |
00000pam a2200000 a 4500 |
| 001 |
in00000088824 |
| 005 |
20151008063251.0 |
| 008 |
820319s1982 nyu 00011 eng |
| 010 |
|
|
|a 82047540
|
| 019 |
|
|
|a 8973990
|
| 020 |
|
|
|a 0060150386 :
|c $14.95
|
| 035 |
|
|
|a (OCoLC)08346718
|
| 035 |
|
|
|9 AAK1908AM
|
| 039 |
0 |
|
|a 2
|b 3
|c 3
|d 3
|e 3
|
| 040 |
|
|
|a DLC
|c DLC
|d TXA
|d UtOrBLW
|
| 049 |
|
|
|a TXAM
|c [1562579]
|
| 050 |
0 |
0 |
|a PS3563 A28
|b G6 1982
|
| 082 |
0 |
|
|a 813/.54
|2 19
|
| 100 |
1 |
|
|a MacDonald, John D.
|q (John Dann),
|d 1916-1986.
|
| 245 |
1 |
4 |
|a The good old stuff :
|b 13 early stories /
|c John D. MacDonald ; edited by Martin H. Greenberg [and others].
|
| 250 |
|
|
|a 1st ed.
|
| 264 |
|
1 |
|a New York :
|b Harper & Row,
|c [1982]
|
| 264 |
|
4 |
|c ©1982
|
| 300 |
|
|
|a xviii, 395 pages ;
|c 22 cm.
|
| 336 |
|
|
|a text
|b txt
|2 rdacontent
|
| 337 |
|
|
|a unmediated
|b n
|2 rdamedia
|
| 338 |
|
|
|a volume
|b nc
|2 rdacarrier
|
| 505 |
0 |
|
|a Murder for money -- Death writes the answer -- Miranda -- They let me live -- Breathe no more -- From some hidden grave -- A time for dying -- Noose for a tigress -- Murder in mind -- Check out at dawn -- She cannot die -- Dead on the pin -- A trap for the careless.
|
| 650 |
|
0 |
|a Detective and mystery stories, American.
|
| 700 |
1 |
|
|a Greenberg, Martin Harry.
|
| 999 |
|
|
|a MARS
|
| 999 |
f |
f |
|s 95de08a7-b5ed-3d91-ac4b-3d8b6afd1a42
|i 705a87ec-172a-3267-a2b1-b023a4801263
|t 0
|
| 952 |
f |
f |
|p ric
|a Texas A&M University
|b Rellis Campus
|c Joint Library Facility
|d Remote Storage
|t 0
|e PS3563 A28 G6 1982
|h Library of Congress classification
|i unmediated -- volume
|m A14806481667
|
| 998 |
f |
f |
|a PS3563 A28 G6 1982
|t 0
|l Remote Storage
|